Statistics for NCIS quiz

Click here to take the quiz!

General Stats

  • This quiz has been taken 2,265 times
  • The average score is 19 of 26

Answer Stats

HintAnswer% Correct
how many times has he been divorcedThree
95%
How many times had Gibbs been marriedFour
92%
Who kills KateAri
90%
What is Ziva's realationship with Ari?He is her half brother
90%
What is "Ducky's" last nameMallard
89%
Who does Dinozzo primarily call "probe"Mcgee
89%
What agency is Ziva originally fromMossad
87%
What does Abby sleep inA coffin
85%
Gibbs always dates ____headsRed
84%
Who replaced himJimmy Palmer
83%
Tony makes lots of ____ referencesMovie
83%
What drink does Abby loveCaf-Pow
80%
Where is Mcgee's Computer forensics degree fromMIT
78%
Who is the FBI agent that ussually goes to NCISTobias Fornell
77%
What branch of the Millitary was Gibbs inMarines
74%
What was NCIS names before it was NCISNIS
70%
What branch of the goverment was Kate in before NCISSecret Service
70%
Where did Tony work before NCISBaltimore
67%
What was Gibbs's daughter's nameKelly
66%
Who is Gibbs's mentorMike Franks
64%
With the director of Mossad?He is her father
62%
Who was Ducky's assistant medical examiner that was shot by AriGerald
47%
What was the name of the first boat Gibbs builtShannon
44%
Who was a Lawyer and mole inside NCISAgent Lee
43%
Where is Gibbs fromStillwater, Pennsylvania
43%
What middle east country did Ducky work in before he worked at NCISAfghanistan
32%

Score Distribution

Percentile by Number Answered

Percent of People with Each Score

Your Score History

You have not taken this quiz